What Jeff Probst WILL Say on... Survivor! Quiz Stats

 Plays Quiz Updated Apr 7, 2018

Score 0/19 Timer 06:00
3 Plays Today
% Correct
look
91.5%
back up for grabs
86%
now would be the time to do so
84.9%
time to vote
84.6%
leave the tribal council area immediately
84.2%
playing for
83.1%
torch
82%
immunity challenge
81.2%
fire
80.6%
nothing for you
80.3%
% Correct
decision is final
79.8%
somebody will be voted out
77.2%
go
77%
go
74.8%
tally the votes
72.2%
guys
71.6%
read the votes
68.2%
head back to camp
65.7%
first things first
53.1%

You're not logged in!

Compare scores with friends on all Sporcle quizzes.
OR
Log In

Sporcle TV

Today on Sporcle TV


Watch our educational content, quiz creation guides, and fun videos on Sporcle TV.

Show Comments

Extras

Top Quizzes Today


Score Distribution

Your Account Isn't Verified!

In order to create a playlist on Sporcle, you need to verify the email address you used during registration. Go to your Sporcle Settings to finish the process.

Report this User

Report this user for behavior that violates our Community Guidelines.

Details: